000 00905nam a22002177a 4500
999 _c12086
_d12086
003 AR-CdUCM
008 190405b ||||| |||| 00| 0 spa d
040 _aMUNICIPALIDAD PROVINCIAL DEL CUSCO
_cBIBLIOTECA MUNICIPAL DEL CUSCO
082 _aEP / 498.51 /
_bG96
100 _aGutierrez Zambrano, Elena
_929647
245 _a"Kusisami" :
_aFelicidad :
_bQheswa simi yachay qallarinapaq /
_bCuaderno para el aprendizaje básico del quechua /
260 _aCusco :
_bDannys Graff E.I.R.L.
_c2007.
300 _a83 paginas
_c30 cm.
505 _aContenido :Hanllallikuna (las vocales) -- Kurkunchis (nuestro cuerpo) -- Wasi ayllu (la familia) -- Hatun ayllu (la comunidad) -- Yupakuna (los números) ...
650 _aIdioma quechua
_927790
650 _aLengua española
_91124
650 _aTraducción
_929769
700 _aTapia Canales, Rosa
_929648
942 _2ddc
_cLIBROS
945 _apjha
_d2019-04-10